Normal view MARC view
  • Singal, R.K

Entry Personal Name

Number of records used in: 2

001 - CONTROL NUMBER

  • control field: 3201

003 - CONTROL NUMBER IDENTIFIER

  • control field: OSt

005 - DATE AND TIME OF LATEST TRANSACTION

  • control field: 20160629135957.0

008 - FIXED-LENGTH DATA ELEMENTS

  • fixed length control field: 160629|| aca||aabn | a|a d

040 ## - CATALOGING SOURCE

  • Original cataloging agency: OSt
  • Transcribing agency: OSt

100 ## - HEADING--PERSONAL NAME

  • Personal name: Singal, R.K

670 ## - SOURCE DATA FOUND

  • Source citation: Work cat.: (OSt): Singal, R.K, Automobile Engineering, 2011